| 000 | 00469nam a2200217Ia 4500 | ||
|---|---|---|---|
| 001 | 12558 | ||
| 003 | GE_BSU | ||
| 008 | 181216s||||||||xx |||||||||||||| ||und|| | ||
| 020 | _a9780199543335 | ||
| 040 | _cGE_BSU | ||
| 080 | _a619.9-036.22 | ||
| 100 | _aSaracci,Rodolfo | ||
| 245 | _aEpidemiology. | ||
| 260 | _aOxford | ||
| 260 | _bUniversity Press | ||
| 260 | _c2010 | ||
| 300 | _a145p.ill.17cm. | ||
| 541 | _h28Gel. | ||
| 653 | _aEpidemiology. | ||
| 942 | _cBK | ||
| 999 |
_c45731 _d45731 |
||